书目信息 |
| 题名: |
当今美国儿童早期教育
|
|
| 作者: | Morrison 著 ;王全志 译 | |
| 分册: | ||
| 出版信息: | 北京 北京大学出版社 2004 |
|
| 页数: | 502页 | |
| 开本: | 23cm | |
| 丛书名: | 欧美心理学译丛 | |
| 单 册: | ||
| 中图分类: | G619.712 | |
| 科图分类: | ||
| 主题词: | 儿童教育 , 早期教育 , 学前教育--早期教育--美国 | |
| 电子资源: | ||
| ISBN: | 7-301-06903-0 | |
| 000 | 01141oam2 2200325 450 | |
| 001 | 013000000000 | |
| 005 | 20051128143333.87 | |
| 010 | @a7-301-06903-0@dCNY42.00 | |
| 092 | @aCN | |
| 100 | @a20050518d2004 em y0chiy0110 ea | |
| 101 | 1 | @achi@ceng |
| 102 | @aCN@b110000 | |
| 105 | @aa az 000yy | |
| 200 | 1 | @a当今美国儿童早期教育@Adang jin mei guo er tong zao qi jiao yu@f(美)George S. Morrison著@F(mei)George S.Morrison zhu@g王全志等译 |
| 210 | @a北京@c北京大学出版社@d2004 | |
| 215 | @a502页@c图@d23cm | |
| 225 | 2 | @a欧美心理学译丛 |
| 305 | @aPearson Education, Inc.授权出版 据原著第八版译出 | |
| 320 | @a有书目:第495-502页 | |
| 330 | @a本书分为五个部分。介绍了当今儿童早期教育领域的发展情况;分析了历史和现实中有影响的儿童早期方案;为开发和实施“发展适应性的方案与实践”提供指导;探讨了如何满足幼儿的特殊需要等问题。 | |
| 410 | 0 | @12001 @a欧美心理学译丛 |
| 606 | 0 | @a儿童教育 |
| 606 | 0 | @a早期教育 |
| 606 | 0 | @a学前教育@x早期教育@y美国 |
| 690 | @aG619.712@v4 | |
| 701 | 0 | @aMorrison@4著 |
| 702 | 0 | @a王全志@Awang quan zhi@4译 |
| 801 | 0 | @aCN@bNLC@c20051128 |
| 905 | @a10447@dG619.712@e78 | |
| 999 | @aLYF | |
| 当今美国儿童早期教育/(美)George S. Morrison著/王全志等译.-北京:北京大学出版社,2004 |
| 502页:图;23cm.-(欧美心理学译丛) |
| ISBN 7-301-06903-0:CNY42.00 |
| 本书分为五个部分。介绍了当今儿童早期教育领域的发展情况;分析了历史和现实中有影响的儿童早期方案;为开发和实施“发展适应性的方案与实践”提供指导;探讨了如何满足幼儿的特殊需要等问题。 |
| ● |
| 相关链接 |
|
|
|
|
正题名:当今美国儿童早期教育
索取号:G619.712/78
 
预约/预借
| 序号 | 登录号 | 条形码 | 馆藏地/架位号 | 状态 | 备注 |
| 1 | 0369365 | 203693654 | 第一样本阅览室/ [索取号:G619.712/78] | 在馆 | |
| 2 | 0369366 | 203693663 | 第四借阅区/ [索取号:G619.712/78] | 在馆 | |
| 3 | 0369367 | 203693672 | 第四借阅区/ [索取号:G619.712/78] | 在馆 |